National science education standards
Guardat en:
| Format: | Llibre |
|---|---|
| Idioma: | anglès |
| Publicat: |
Washington, D.C
National Academy
1996
|
| Col·lecció: | National Research Council
|
| Matèries: | |
| Etiquetes: |
Afegir etiqueta
Sense etiquetes, Sigues el primer a etiquetar aquest registre!
|
MARC
| LEADER | 00000nam a2200000 a 4500 | ||
|---|---|---|---|
| 001 | UCM6690 | ||
| 003 | CL-VaPUC | ||
| 008 | 021122e19960000US |||||||||||||||||eng|d | ||
| 082 | 0 | 4 | |a 507.10973 |b NAT |2 21 |
| 245 | 1 | 0 | |a National science education standards |
| 300 | |a 262 p | ||
| 942 | |c BK | ||
| 945 | |d 20021122 00:00:00 |a vberengu | ||
| 260 | |a Washington, D.C |b National Academy |c 1996 | ||
| 650 | 0 | |a Ciencia |9 255691 | |
| 650 | 0 | |a Estudio y enseñanza |9 270395 | |
| 651 | 0 | |a Estados Unidos |9 255178 | |
| 583 | |a last modification |c 20180327 03:39:05 |k Rodrigo Vera | ||
| 490 | 0 | |a National Research Council | |
| 999 | |c 301923 |d 301921 | ||
| 952 | |0 0 |1 0 |4 0 |6 507_109730000000000_NAT_1996 |7 0 |8 A |9 361740 |a FDOPOS |b FDOPOS |d 2019-11-21 |i 3845109 |o 507.10973 NAT 1996 |p 3845109 |r 2025-01-22 |w 2019-11-21 |y BK |k MLA | ||